00000000nam##2200000za#4500
0019.693286
003CaOODSP
00520210929082801
007cr |||||||||||
008150407|2010||||xxc|||||o    f|0| 0 eng|d
020 |a978-1-100-15363-6
040 |aCaOODSP|beng
043 |an-cn---
0861 |aFo42-93/2010E-PDF
1101 |aCanada. |bNatural Resources Canada. |bCanadian Forest Service.
24510|aCompendium 1960-2010 - building the forests of tomorrow |h[electronic resource]
260 |aOttawa - Ontario : |bNatural Resources Canada. |cc2010.
300 |a41p.|bphotographs
500 |a"Laurentian Forestry Centre, 50 years".
5203 |aYou will find acronyms, technical terms and expressions that were used at the time, as well as information on the very first activities of the federal government in the area of forestry in Quebec. It also includes little known historical facts, which allow us to understand and better appreciate what the LFC represented in Quebec and in Canada.
590 |a12-24-Supp|b2012-05-30
77508|tRecueil 1960-2010 - construire la forêt de demain |w(CaOODSP)9.637464
7760#|tCompendium 1960-2010 - building the forests of tomorrow |w(CaOODSP)9.672193
7760#|tRecueil 1960-2010 - construire la forêt de demain |w(CaOODSP)9.672194
85640|ahttp://publications.gc.ca|qPDF|s5.52 MB|uhttps://publications.gc.ca/collections/collection_2012/rncan-nrcan/Fo42-93-2010-eng.pdf